000 00761nam a2200217 u 4500
001 000023203
005 20200930022045.0
008 101130s1983 xxua r 001 0 spa d
020 _a053811780x
040 _aDO-SdBNP
_bspa
_cBNPHU
082 _aXXX
_bS446p, 1983
245 0 0 _aSecretarial procedures and administration /
_cPrólogo de Estelle L. Popham, Rita Sloan Tilton, J. Howard Jackson y J. Marshall Hanna.
250 _a8a ed.
260 _aCincinnati :
_bSout-Western Publishing Co.,
_c1983.
300 _avi, 774 p. :
_bil. ;
_c24.
700 1 _aPopham, Estelle L.,
_epról.
_947763
700 1 _aSloan Tilton, Rita,
_epról.
_947764
700 1 _aJackson, J. Howard,
_epról.
_947765
700 1 _aHanna, J. Marshall,
_epról.
_947766
049 _aBNGR
999 _c22700
_d22700